=LDR 00000nam 2200000 4500 =001 INLIS000000000054891 =005 20200228094414 =035 ##$$a 0010-0220000453 =007 ta =008 200228###########################0#ind## =020 ##$$a 978-602444-261-3 =082 ##$$a 353.914 =084 ##$$a 353.914 Tab m =245 1#$$a Membangun efektifitas kinerja kepala desa /$c H.A. Tabrani Rusyan =250 ##$$a cet 1 =300 ##$$a viii, 260 halaman : $b Ilustrasi ; $c 23 cm =650 #4$$a Kepala desa =700 #$$a Editor ; Nur Syamsiyah =504 ##$$a Bibliografi : halaman 253 - 258 =264 ##$$a Jakarta :$b Bumi aksara,$c 2018 =336 ##$$a Teks$2 rdacontent =337 ##$$a lain-lain$2 rdamedia =338 ##$$a lain-lain$2 rdacarrier =990 ##$$a 02540254 =990 ##$$a 02540254